000 00499nam a2200193 a 4500
001 1769942615937
003 YourLibrary
005 20260201163955.0
008 260201s2000##################000#0#eng##
020 _a9780140287158
082 0 4 _a305.4
_bPIN
100 1 _aPinto, Jerry,
_eauthor.
245 1 0 _aSurviving Women :
260 _bPenguin Books India,
_c2000.
300 _a212 pages
650 0 _aFamily & Relationships.
942 _cENGLISH
040 _aYourLibrary
_beng
_cYourLibrary
999 _c609838
_d609838